Music Quiz

Random Music Quiz

Jazz Standards by Composer Quiz Stats

 Plays Quiz not verified by Sporcle

Challenge
Share
Tweet
Embed
Score 0/20 Timer 10:00
0 Plays Today
Question Answer Wrong Answers
Oye Como Va Tito Puente
73.8%
Antonio Carlos Jobim
9.5%
Horace Silver
7.1%
Dizzy Gillespie
7.1%
In The Mood Glenn Miller
71.4%
Benny Goodman
9.5%
Gene Krupa
7.1%
Count Basie
7.1%
Blue Skies Irving Berlin
69%
Oscar Peterson
9.5%
Rogers and Hart
9.5%
Benny Goodman
7.1%
Song For My Father Horace Silver
66.7%
Antonio Carlos Jobim
7.1%
Juan Tizol
2.4%
Duke Ellington
21.4%
Night in Tunisia Dizzy Gillespie
66.7%
Charlie Parker
9.5%
Miles Davis
2.4%
Arturo Sandoval
19%
I Got Rhythm George Gershwin
66.7%
Duke Ellington
19%
Count Basie
4.8%
Art Tatum
4.8%
The Man I Love George Gershwin
64.3%
Peggy Lee
16.7%
Gene Kelly
9.5%
Leonard Bernstein
7.1%
St. Louis Blues W.C. Handy
61.9%
Louis Armstrong
23.8%
Phil Jones
7.1%
Buddy Bolden
2.4%
Billie's Bounce Charlie Parker
59.5%
Miles Davis
11.9%
Sonny Rollins
16.7%
Paul Desmond
9.5%
Lullaby of Birdland George Shearing
54.8%
Miles Davis
14.3%
George Gershwin
19%
Oscar Peterson
7.1%
All of Me Seymour and Marks
50%
Rogers and Hammerstein
26.2%
Benny Goodman
9.5%
Tommy Dorsey
9.5%
Birdland Joe Zawinul
50%
Wayne Shorter
21.4%
Miroslav Vitous
4.8%
Buddy Rich
19%
Jumpin' at the Woodside Count Basie
47.6%
Duke Ellington
14.3%
Tommy Dorsey
28.6%
Glenn Miller
4.8%
Take the 'A' Train Billy Strayhorn
45.2%
Duke Ellington
50%
Juan Tizol
2.4%
Ray Nance
0%
Take Five Paul Desmond
42.9%
Dave Brubeck
42.9%
Max Roach
4.8%
Bill Evans
4.8%
Hymn to Freedom Oscar Peterson
35.7%
Oliver Jones
23.8%
Duke Ellington
16.7%
Chet Baker
19%
Dig Miles Davis
33.3%
John Coltrane
11.9%
Art Blakey
33.3%
Max Roach
19%
Blue Bossa Kenny Dorham
31%
Joe Pass
14.3%
Antonio Carlos Jobim
31%
Miles Davis
19%
All the Things You Are Kern and Hammerstein
26.2%
Rogers and Hammerstein
33.3%
Rogers and Hart
23.8%
Kern and Hart
11.9%
Stompin' at the Savoy Edgar Sampson
21.4%
Benny Goodman
33.3%
Chick Webb
21.4%
Art Tatum
21.4%

You're not logged in!

Compare scores with friends on all Sporcle quizzes.
OR
Log In

You Might Also Like...

Show Comments

Extras

Created Mar 31, 2017SourceReportNominate
Tags:composer, jazz, standard

Top Quizzes Today


Score Distribution

Your Account Isn't Verified!

In order to create a playlist on Sporcle, you need to verify the email address you used during registration. Go to your Sporcle Settings to finish the process.

Report this User

Report this user for behavior that violates our Community Guidelines.

Details: